|
|
|
|
| LEADER |
00000nas a22000007a 4500 |
| 005 |
20130308125000.0 |
| 007 |
cr|||| |||| |
| 008 |
130308c20039999xxkuu|p s|||| 0|||a1eng d |
| 022 |
|
|
|a 14750279
|
| 035 |
|
|
|a 7165
|
| 040 |
|
|
|a vLex
|
| 090 |
|
|
|c 3876
|d 3876
|
| 245 |
0 |
0 |
|a British Journal of Community Justice
|h [Recurso electrn̤ico]
|
| 256 |
|
|
|a Servicio en ln̕ea
|
| 260 |
|
|
|a Sheffield :
|b Sheffield Hallam University,
|c 2003-
|
| 300 |
|
|
|a 1 Recurso electrn̤ico
|
| 506 |
|
|
|d vLex Global
|d vLex Global (Academic Edition, excluding Law Schools)
|d vLex Global (U.S. Academic Edition, Law Schools)
|d vLex Global (U.S. Academic Edition, excluding Law Schools)
|d vLex Global (Academic Edition, Law Schools)
|
| 650 |
0 |
4 |
|a Derecho consuetudinario
|v Revistas
|
| 650 |
0 |
4 |
|a Resolucin̤ de conflictos
|v Revistas
|
| 650 |
0 |
4 |
|a Justicia comunitaria
|v Revistas
|
| 740 |
|
|
|a vLex Revistas (Servicio en ln̕ea)
|
| 856 |
4 |
0 |
|a Acceso restringido
|u http://vlex.com/source/7165
|
| 942 |
|
|
|c REV
|
| 999 |
|
0 |
|a Customary law
|